000 00312nam a2200121Ia 4500
005 20251222144834.0
008 251222s9999||||xx |||||||||||||| ||spa||
082 _a362.829.2/P26
100 _aParras Konrad, Sonia
245 0 _aRompiendo el Silencio:
264 _bFamily Violence Prevention Fund
942 _cLIB
999 _c20951
_d20951